000 00412nam a2200205Ia 4500
003 IT-RoPAU
008 120407s9999 xx 000 0 und d
040 _aIT-RoPAU
040 _cIT-RoPAU
041 _afra
100 _aM. Du Buit
100 _cop.
245 _aGéographie de la Terre Sainte.
250 _aParis
260 _aDu Cerf
300 _c19 cm
490 _v1
942 _cBK
999 _c43
_d43